Countries by Largest City Square - Statistics

General Stats
  • This quiz has been taken 42 times
  • The average score is 7 of 10
Answer Stats
City Square Area (square metres) Country % Correct
Xinghai Square, Dalian 1,760,000 China
97%
Kuybyshev Square, Samara 174,000 Russia
95%
Place des Quinconces, Bordeaux 256,000 France
79%
India Gate Complex, New Delhi 306,600 India
79%
Macroplaza, Monterrey 400,000 Mexico
79%
Sunflower Square, Palmas 570,000 Brazil
77%
Merdeka Square, Jakarta 1,000,000 Indonesia
64%
Parade Square, Warsaw 240,000 Poland
41%
Liberty Square, Taipei 240,000 Taiwan
38%
Rizal Park, Manila 566,560 Philippines
31%
No matching quizzes found
Score Distribution
Percent of People with Each Score
Percentile by Number Answered
Your Score History
You have not taken this quiz